| 000 | 01817cam a2200517 a 4500 | ||
|---|---|---|---|
| 001 | 22013 | ||
| 003 | VRT | ||
| 005 | 20260317150849.0 | ||
| 008 | 240318s20122012xo g 000 1 slo | ||
| 015 | _aSNBA2012/03-01780 | ||
| 020 |
_a9788055126999 _q(viaz.) |
||
| 035 | _a3C07AD46-0847-4B25-B30E-4C51C2F1EE5E | ||
| 035 | _aurn:nbn:sk:snk-amjjl5 | ||
| 035 | _aurn:nbn:sk:snk-am000ylr | ||
| 039 | 9 |
_a202403181957 _bVLOAD _c202401251259 _dmsnk115 _c202401251259 _dmsnk115 _c201508271417 _dVLOAD |
|
| 040 |
_aPOKPOH _bslo _cPOKPOH _dSNK _eAACR2 |
||
| 041 | 1 |
_aslo _heng |
|
| 044 |
_axo _cSK |
||
| 072 | 7 |
_a821.111-3 _xAnglická próza, anglicky písaná _2konspekt |
|
| 080 |
_a821.111-31 _22001 |
||
| 080 |
_a(0:82-311.6) _22001 |
||
| 080 |
_a(0:82-312.5) _22001 |
||
| 100 | 1 |
_aHeyer, Georgette, _d1902-1974 _4aut |
|
| 240 | 1 | 0 |
_aDevil's cub _lSlovensky |
| 245 | 1 | 0 |
_aDiablovo plemeno _cGeorgette Heyerová ; [z anglického originálu preložila Lucia Kozáková] |
| 250 | _a[1. vyd.] | ||
| 260 |
_aBratislava _bIkar _c2012 |
||
| 300 |
_a271 s. _c21 cm |
||
| 655 | 7 |
_aanglické romány _2SNKPH |
|
| 655 | 7 |
_ahistorické romány _2SNKPH |
|
| 655 | 7 |
_aľúbostné romány _2SNKPH |
|
| 655 | 7 |
_aEnglish fiction _2SNKPHeng |
|
| 655 | 7 |
_aHistorical novels _2SNKPHeng |
|
| 655 | 7 |
_aLove novels _2SNKPHeng |
|
| 700 | 1 |
_aKozáková, Lucia _4trl |
|
| 942 |
_2ddc _cKLDO _n0 |
||
| 949 |
_6270001000381719 _asvkbbA 133840 _bsvkbbm 724321 |
||
| 949 |
_617A0878272 _asnkSC 148267 D1 _bsnk2012/4367 _o383/12 |
||
| 949 |
_617A0878088 _asnkSC 148267 _bsnk2012/4132 _o383/12 |
||
| 949 |
_62889184641 _asavukPV 16356 _bsavuk2012/2252 |
||
| 949 |
_6273K0556733 _asvkpoA 217206 _bsvkpo560437 |
||
| 980 | _a821.111-31 | ||
| 980 | _a(0:82-311.6) | ||
| 980 | _a(0:82-312.5) | ||
| 999 |
_c22013 _d22013 |
||